Medzinárodné triedenie výrobkov a služieb aktualizácia - marec 1999

Guardado en:
Detalles Bibliográficos
Formato: Libro
Lenguaje:eslovaco
inglés
francés
alemán
Publicado: Banská Bystrica Úrad priemyselného vlastníctva SR 1999
Materias:
Etiquetas: Agregar Etiqueta
Sin Etiquetas, Sea el primero en etiquetar este registro!

MARC

LEADER 00000nam a2200000 4500
001 c108691
005 20221102132743.1
041 0 |a slo 
041 0 |a eng 
041 0 |a fre 
041 0 |a ger 
044 |a SK 
245 1 0 |a Medzinárodné triedenie výrobkov a služieb  |b aktualizácia - marec 1999 
264 1 |a Banská Bystrica  |b Úrad priemyselného vlastníctva SR  |c 1999 
300 |a 36 s. 
610 2 0 |a výrobky 
610 2 0 |a služby 
610 2 0 |a známky ochranné 
610 2 0 |a Niceská dohoda 
610 2 0 |a 1957